000 02128nam a2200205 4500
005 20260202152905.0
008 260128b |||||||| |||| 00| 0 eng d
020 _a9781620331408
041 _aEnglish
082 _a745.5
_bPEC
100 _aPeck Denise
_9216514
245 _aWire+Metal: 30 Easy Metalsmithing Designs
260 _bInterweave
_c2014
300 _a143
365 _b1393.23
_cRs.00
520 _aChapter 1 • Metal 101 • Metal Types • Metal Materials • Gauge/Size • Temper/Hardness Chapter 2 Measuring + Cutting • Measuring Tools + Methods • Cutting Tools + Methods Chapter 3 Working with Flame • Basic Tools • Annealing • Balling the End of Wire Chapter 4 Texturing • Utility Tools for Texturing • Texturing Tools Chapter 5 Forming • Forming Tools • Other Useful Tools • Forming with Wire Chapter 6 Cold Connections • Riveting Tools + Techniques • Micro Screws + Nuts • Glue • Other Useful Tools for Cold Connections Chapter 7 Patina + Color • Patina + Coloring Tools • Other Useful Tools for Patina + Color • Chapter 8 Finishing • Finishing Tools • Sealants Spinner, Kristi Evenson Metal Petals, Jane Dickerson Shadow, Jane Dickerson Pink Petals, Denise Peck Ring Around the Rosy, Jane Dickerson Blue Moon, Jane Dickerson Heaven's Gate, Denise Peck Sunday Afternoon, Denise Peck Inner Vision, Jane Dickerson Eco Revival, Jane Dickerson Terra-cotta Sunset, Denise Peck Urban Cowgirl, Jane Dickerson Ticket to Ride, Kristi Evenson Three's a Crowd, Denise Peck SilverWear, Jane Dickerson Drink It All In, Cassie Donlen Saucy, Denise Peck Calliope, Denise Peck Doorknocker, Keirsten Giles Band It!, Cassie Donlen Cummerbund, Kerry Bogert Corbel, Keirsten Giles Shattered, Denise Peck Sedona, Keirsten Giles Impression, Kerry Bogert Enchanted, Cassie Donlen Bubbles, Denise Peck Camelot, Jane Dickerson Loose Change, Keirsten Giles Silk Road, Keirsten Giles
650 _aJewellery
700 _aDickerson Jane
_9216516
942 _cBK
999 _c370218
_d370218